Labor of dionysus (Record no. 584957)

MARC details
000 -LEADER
fixed length control field 00768nam a2200253Ia 4500
003 - CONTROL NUMBER IDENTIFIER
control field OSt
005 - DATE AND TIME OF LATEST TRANSACTION
control field 20220925230224.0
008 - FIXED-LENGTH DATA ELEMENTS--GENERAL INFORMATION
fixed length control field 220923b |||||||| |||| 00| 0 eng d
020 ## - INTERNATIONAL STANDARD BOOK NUMBER
International Standard Book Number 0816620865
037 ## - SOURCE OF ACQUISITION
Terms of availability General Book
040 ## - CATALOGING SOURCE
Original cataloging agency RTL
Transcribing agency RTL
Language of cataloging eng
041 ## - LANGUAGE CODE
Source of code eng
Language code of text/sound track or separate title eng
100 ## - MAIN ENTRY--PERSONAL NAME
Personal name Hardt Michael
9 (RLIN) 142680
245 #0 - TITLE STATEMENT
Title Labor of dionysus
Remainder of title A critique of the state-form.
260 ## - PUBLICATION, DISTRIBUTION, ETC.
Place of publication, distribution, etc. London
Name of publisher, distributor, etc. University of Minnesota Press
Date of publication, distribution, etc. 1994
300 ## - PHYSICAL DESCRIPTION
Extent ix;348p
Dimensions cm.
490 ## - SERIES STATEMENT
Series statement Theory Out of Bounds, Vol.4
700 ## - ADDED ENTRY--PERSONAL NAME
Personal name Negri Antonio
9 (RLIN) 13107
942 ## - ADDED ENTRY ELEMENTS (KOHA)
Classification part X:3M24xM18:g(X:9), N4
Koha item type General Books
Source of classification or shelving scheme Colon Classification (CC)
Holdings
Withdrawn status Lost status Damaged status Not for loan Home library Current library Date acquired Total Checkouts Full call number Barcode Date last seen Price effective from Koha item type
        Ratan Tata Library Ratan Tata Library 2022-09-25   X:3M24xM18:g(X:9) N4 RT1323822 2022-09-25 2022-09-25 General Books
Copyright @ Delhi University Library System